The literature of geography (Record no. 49358)

MARC details
000 -LEADER
fixed length control field 00510nam a2200145 a 4500
008 - FIXED-LENGTH DATA ELEMENTS--GENERAL INFORMATION
fixed length control field 120416s0000 ||||||||||||||||| || u
020 ## - INTERNATIONAL STANDARD BOOK NUMBER
International Standard Book Number 0851571603
050 ## - LIBRARY OF CONGRESS CALL NUMBER
Classification number G 116 Bre
100 ## - MAIN ENTRY--PERSONAL NAME
Personal name Brewer, James Gordon
245 14 - TITLE STATEMENT
Title The literature of geography
246 ## - VARYING FORM OF TITLE
Title proper/short title a guide to its organisation and use
260 ## - PUBLICATION, DISTRIBUTION, ETC.
Place of publication, distribution, etc. London
Name of publisher, distributor, etc. Bingley
Date of publication, distribution, etc. 1973
350 ## - PRICE (NR) (BK AM CF MU VM SE) [OBSOLETE]
Price 0.00
995 ## - RECOMMENDATION 995 [LOCAL, UNIMARC FRANCE]
-- 0.00
-- CBU-MAIN LIBRARY (Kitwe)
-- 1
-- 3.75
-- AVAILABLE
-- Main Library Open Access Collection
Holdings
Withdrawn status Lost status Source of classification or shelving scheme Damaged status Not for loan Home library Current library Shelving location Date acquired Total Checkouts Full call number Barcode Date last seen Price effective from Koha item type
          CBU-MAIN LIBRARY, KITWE. CBU-MAIN LIBRARY, KITWE.   11/30/2022   G 116 Bre 001216 11/30/2022 11/30/2022 MONOGRAPH